[Event "SUI-chT"]
[Site "Switzerland"]
[Date "2005.04.17"]
[Round "3.1"]
[White "Gallagher, Joseph G"]
[Black "Belotti, Bruno"]
[Result "1/2-1/2"]
[WhiteElo "2552"]
[BlackElo "2448"]
[PlyCount "39"]
[EventDate "2005.02.27"]
[EventType "team-tourn"]
[EventRounds "9"]
[EventCountry "SUI"]
[SourceTitle "EXT 2006"]
[Source "ChessBase"]
[SourceDate "2005.11.24"]
[SourceVersion "1"]
[SourceVersionDate "2005.11.24"]
[SourceQuality "1"]
[WhiteTeam "Biel"]
[BlackTeam "Mendrisio"]
[WhiteTeamCountry "SUI"]
[BlackTeamCountry "SUI"]

1. e4 d5 2. exd5 Qxd5 3. Nc3 Qa5 4. d4 Nf6 5. Nf3 c6 6. Ne5 Be6 7. Bc4 Bxc4 8. Nxc4 Qd8 9. Bg5 e6 10. Bxf6 Qxf6 11. 0-0 Bb4 12. Ne4 Qd8 13. c3 Be7 14. Qb3 b6 15. Ne5 0-0 16. Rad1 Qc7 17. c4 Nd7 18. Qg3 Nxe5 19. dxe5 Rad8 20. f4 1/2-1/2

[Event "SUI-chT"]
[Site "Switzerland"]
[Date "2004.11.06"]
[Round "8.4"]
[White "Belotti, Bruno"]
[Black "Siegel, Georg"]
[Result "1/2-1/2"]
[WhiteElo "2407"]
[BlackElo "2415"]
[PlyCount "112"]
[EventDate "2004.02.29"]
[EventType "team-tourn"]
[EventRounds "9"]
[EventCountry "SUI"]
[SourceTitle "EXT 2006"]
[Source "ChessBase"]
[SourceDate "2005.11.24"]
[SourceVersion "1"]
[SourceVersionDate "2005.11.24"]
[SourceQuality "1"]
[WhiteTeam "Mendrisio"]
[BlackTeam "Riehen"]
[WhiteTeamCountry "SUI"]
[BlackTeamCountry "SUI"]

1. c4 Nf6 2. g3 e6 3. Nf3 d5 4. Bg2 dxc4 5. 0-0 Nbd7 6. Qc2 a6 7. Na3 Bxa3 8. bxa3 0-0 9. Qxc4 b5 10. Qc2 Bb7 11. Bb2 Rc8 12. a4 b4 13. Bxf6 Nxf6 14. Qc5 Qd6 15. Rfc1 Bd5 16. Nd4 Ne4 17. Bxe4 Bxe4 18. d3 Bd5 19. Nc6 Bxc6 20. Qxc6 Qe5 21. e3 Qb2 22. d4 Rfd8 23. Qc2 Qxc2 24. Rxc2 Rd5 25. Rb1 Kf8 26. Rxb4 Ke7 27. Rb7 Kd6 28. Kg2 e5 29. dxe5+ Rxe5 30. Ra7 a5 31. h4 h5 32. Kf3 f6 33. Rb2 g5 34. Ra6+ c6 35. Rb5 gxh4 36. gxh4 Rg8 37. Rbxa5 Rg4 38. Rxe5 fxe5 39. Ra8 Rxh4 40. a5 Ra4 41. a6 Rxa2 42. a7 Kc5 43. Re8 Rxa7 44. Rxe5+ Kb4 45. Rxh5 c5 46. e4 c4 47. e5 c3 48. Rh1 c2 49. Ke4 Kc3 50. f4 Rd7 51. Rc1 Rd1 52. Rxc2+ Kxc2 53. f5 Kc3 54. f6 Kc4 55. f7 Re1+ 56. Kf5 Kd5 1/2-1/2

[Event "Bergamo op 3rd"]
[Site "Bergamo"]
[Date "2004.07.24"]
[Round "5"]
[White "Blum, Gernot"]
[Black "Belotti, Bruno"]
[Result "0-1"]
[WhiteElo "2190"]
[BlackElo "2417"]
[PlyCount "102"]
[EventDate "2004.07.22"]
[EventType "swiss"]
[EventRounds "7"]
[EventCountry "ITA"]
[SourceTitle "CBM 101 Extra"]
[Source "ChessBase"]
[SourceDate "2004.09.01"]
[SourceVersion "2"]
[SourceVersionDate "2004.09.01"]
[SourceQuality "1"]

1. c4 g6 2. Nc3 Bg7 3. Nf3 d6 4. g3 e5 5. Bg2 Nc6 6. Rb1 a5 7. a3 Nf6 8. d3 0-0 9. 0-0 Re8 10. e4 Bg4 11. h3 Bxf3 12. Bxf3 Nd7 13. Bg2 Nd4 14. Ne2 Nxe2+ 15. Qxe2 a4 16. Be3 Nc5 17. f4 Qe7 18. f5 Bf6 19. h4 Kh8 20. Rf2 Rg8 21. Rbf1 g5 22. hxg5 Bxg5 23. f6 Qf8 24. Rf5 Qh6 25. Rxg5 Rxg5 26. Rf5 Rag8 27. Rxg5 Rxg5 28. Qd2 Ne6 29. Qf2 b6 30. Bf1 Qg6 31. Bxg5 Qxg5 32. Kh2 Nc5 33. Kh3 Nd7 34. Be2 Nxf6 35. Bd1 Kg7 36. Bxa4 Qh6+ 37. Kg2 Ng4 38. Qe2 Qg5 39. b4 h5 40. Bd7 Nf6 41. Bf5 h4 42. Qf3 Kf8 43. g4 Nh5 44. Kh3 Nf4+ 45. Kh2 c5 46. Qe3 Qd8 47. Qd2 Qa8 48. bxc5 dxc5 49. Qb2 Qa5 50. g5 Qe1 51. a4 Qg3+ 0-1

[Event "ITA-chT final 36th"]
[Site "Penne"]
[Date "2004.05.15"]
[Round "1"]
[White "Lapiccirella, Mattia"]
[Black "Belotti, Bruno"]
[Result "1/2-1/2"]
[WhiteElo "2191"]
[BlackElo "2407"]
[PlyCount "38"]
[EventDate "2004.05.15"]
[EventType "team"]
[EventRounds "2"]
[EventCountry "ITA"]
[SourceTitle "EXT 2009"]
[Source "ChessBase"]
[SourceDate "2008.11.26"]
[SourceVersion "1"]
[SourceVersionDate "2008.11.26"]
[SourceQuality "1"]

1. d4 Nf6 2. c4 e6 3. Nf3 b6 4. g3 Bb7 5. Bg2 Be7 6. 0-0 0-0 7. Nc3 Ne4 8. Qc2 Nxc3 9. Qxc3 Bf6 10. b3 c5 11. Bb2 d5 12. Qc2 Na6 13. dxc5 Nxc5 14. Rfd1 Qe7 15. cxd5 Bxd5 16. Bxf6 Qxf6 17. Nd4 Bxg2 18. Kxg2 Rfd8 19. Nf3 a5 1/2-1/2

[Event "SUI-chT"]
[Site "Switzerland"]
[Date "2004.05.02"]
[Round "4.3"]
[White "Belotti, Bruno"]
[Black "Cvitan, Ognjen"]
[Result "1/2-1/2"]
[WhiteElo "2442"]
[BlackElo "2473"]
[PlyCount "95"]
[EventDate "2004.02.29"]
[EventType "team-tourn"]
[EventRounds "9"]
[EventCountry "SUI"]
[SourceTitle "EXT 2005"]
[Source "ChessBase"]
[SourceDate "2004.11.15"]
[SourceVersion "1"]
[SourceVersionDate "2004.11.15"]
[SourceQuality "1"]
[WhiteTeam "Mendrisio"]
[BlackTeam "Biel"]
[WhiteTeamCountry "SUI"]
[BlackTeamCountry "SUI"]

1. d4 Nf6 2. c4 g6 3. Nc3 Bg7 4. e4 d6 5. Be2 0-0 6. Nf3 e5 7. Be3 Ng4 8. Bg5 f6 9. Bc1 Nc6 10. d5 Ne7 11. h3 Nh6 12. h4 Nf7 13. h5 f5 14. Ng5 Nxg5 15. Bxg5 h6 16. Bxe7 Qxe7 17. hxg6 Qg5 18. Bf3 Qxg6 19. Qe2 a6 20. a4 Bd7 21. Ra3 Qg5 22. Qe3 Qxe3+ 23. fxe3 f4 24. Ke2 fxe3 25. a5 Kh7 26. Nd1 Bf6 27. Nxe3 Bg5 28. Rb3 Rab8 29. Rc1 Kg6 30. Rh1 b6 31. axb6 cxb6 32. Bg4 Bxg4+ 33. Nxg4 Rf4 34. Nf2 Rbf8 35. Rf3 Rxf3 36. gxf3 Rc8 37. Kd3 b5 38. cxb5 axb5 39. Ra1 Rc4 40. Ra6 Rd4+ 41. Kc3 b4+ 42. Kb3 Be7 43. Kc2 h5 44. b3 h4 45. Ra8 Bg5 46. Rg8+ Kh5 47. Rh8+ Kg6 48. Rg8+ 1/2-1/2

[Event "ITA-chT A1 34th"]
[Site "Italy"]
[Date "2004.04.17"]
[Round "4"]
[White "Guerra, Alessandro"]
[Black "Belotti, Bruno"]
[Result "0-1"]
[WhiteElo "2192"]
[BlackElo "2407"]
[PlyCount "90"]
[EventDate "2004.03.06"]
[EventType "team"]
[EventRounds "5"]
[EventCountry "ITA"]
[SourceTitle "EXT 2007"]
[Source "ChessBase"]
[SourceDate "2006.11.23"]
[SourceVersion "1"]
[SourceVersionDate "2006.11.23"]
[SourceQuality "1"]

1. c4 g6 2. f4 c5 3. Nf3 Bg7 4. Nc3 Nc6 5. e3 Nf6 6. Be2 0-0 7. 0-0 b6 8. Ne5 Bb7 9. Bf3 e6 10. Qa4 Qc7 11. a3 Nxe5 12. fxe5 Ne8 13. d4 Bxf3 14. gxf3 d6 15. f4 f6 16. d5 Qe7 17. dxe6 Qxe6 18. Qc6 Rd8 19. f5 gxf5 20. Qd5 Qxd5 21. Nxd5 fxe5 22. Ne7+ Kh8 23. Nxf5 Nf6 24. Bd2 Ne4 25. Rad1 d5 26. Nxg7 Rxf1+ 27. Kxf1 dxc4 28. Ne6 Rxd2 29. Rxd2 Nxd2+ 30. Ke2 Ne4 31. Nd8 c3 32. bxc3 Nxc3+ 33. Kd3 Nb5 34. a4 Nd6 35. e4 c4+ 36. Kc3 Nxe4+ 37. Kxc4 Nc5 38. Nc6 e4 39. Nxa7 Nxa4 40. Kd4 Nc5 41. Nc8 b5 42. Nd6 b4 43. Nc4 b3 44. Ke3 Kg7 45. Kd4 Kh6 0-1

[Event "ITA-chT A1 34th"]
[Site "Italy"]
[Date "2004.04.16"]
[Round "3"]
[White "Caruso, Augusto"]
[Black "Belotti, Bruno"]
[Result "0-1"]
[WhiteElo "2207"]
[BlackElo "2407"]
[PlyCount "64"]
[EventDate "2004.03.06"]
[EventType "team"]
[EventRounds "5"]
[EventCountry "ITA"]
[SourceTitle "EXT 2007"]
[Source "ChessBase"]
[SourceDate "2006.11.23"]
[SourceVersion "1"]
[SourceVersionDate "2006.11.23"]
[SourceQuality "1"]

1. e4 c5 2. Nf3 e6 3. c3 Nf6 4. e5 Nd5 5. g3 d6 6. exd6 Bxd6 7. Bg2 Nc6 8. 0-0 0-0 9. d4 Bd7 10. Nbd2 cxd4 11. Ne4 Be7 12. Nxd4 Qb6 13. Nf3 Rad8 14. c4 Nf6 15. Nc3 e5 16. Qe1 Bf5 17. Nxe5 Nb4 18. Qe3 Qe6 19. Nd5 Nfxd5 20. cxd5 Qf6 21. g4 Nc2 22. Qf4 Nxa1 23. Qxf5 Qxf5 24. gxf5 Nc2 25. Rd1 Rfe8 26. Nc4 Bc5 27. Kf1 b5 28. Nd2 Bb6 29. Ne4 Re5 30. Ng3 Nb4 31. Bf4 Rexd5 32. Bxd5 Nxd5 0-1

[Event "EU-chT (Men) 14th"]
[Site "Plovdiv"]
[Date "2003.10.15"]
[Round "5.3"]
[White "Wagener, Claude"]
[Black "Belotti, Bruno"]
[Result "0-1"]
[WhiteElo "2217"]
[BlackElo "2426"]
[PlyCount "76"]
[EventDate "2003.10.10"]
[EventType "team-swiss"]
[EventRounds "9"]
[EventCountry "BUL"]
[SourceTitle "CBM 098"]
[Source "ChessBase"]
[SourceDate "2004.02.03"]
[SourceVersion "1"]
[SourceVersionDate "2004.02.03"]
[SourceQuality "1"]
[WhiteTeam "Luxembourg"]
[BlackTeam "Italy"]
[WhiteTeamCountry "LUX"]
[BlackTeamCountry "ITA"]

1. e4 c5 2. Nf3 d6 3. d4 cxd4 4. Nxd4 Nf6 5. Nc3 a6 6. Be2 e6 7. a4 Qc7 8. a5 Nbd7 9. 0-0 Be7 10. f4 b5 11. axb6 Nxb6 12. Kh1 Bb7 13. Bd3 0-0 14. Qe2 Nbd7 15. Nb3 Nc5 16. Nxc5 Qxc5 17. Ra4 Qc6 18. Bd2 d5 19. exd5 Nxd5 20. Nxd5 Qxd5 21. Bc3 Qc6 22. Ra5 g6 23. Rg1 Rfc8 24. f5 Qb6 25. Ra4 Rxc3 26. bxc3 Bc5 27. Rga1 exf5 28. Bxa6 Bc6 29. R4a2 Re8 30. Qf1 Re3 31. Qf4 Bd6 32. Qd4 Bc5 33. Qh4 Qc7 34. Bd3 Bxg2+ 35. Kxg2 Qc6+ 36. Be4 Rxe4 37. Qxe4 Qxe4+ 38. Kf1 Qf3+ 0-1

[Event "EU-chT (Men) 14th"]
[Site "Plovdiv"]
[Date "2003.10.14"]
[Round "4.3"]
[White "Eljanov, Pavel"]
[Black "Belotti, Bruno"]
[Result "1/2-1/2"]
[WhiteElo "2597"]
[BlackElo "2426"]
[PlyCount "126"]
[EventDate "2003.10.10"]
[EventType "team-swiss"]
[EventRounds "9"]
[EventCountry "BUL"]
[SourceTitle "CBM 098"]
[Source "ChessBase"]
[SourceDate "2004.02.03"]
[SourceVersion "1"]
[SourceVersionDate "2004.02.03"]
[SourceQuality "1"]
[WhiteTeam "Ukraine"]
[BlackTeam "Italy"]
[WhiteTeamCountry "UKR"]
[BlackTeamCountry "ITA"]

1. d4 Nf6 2. Nf3 e6 3. c4 d5 4. Nc3 Be7 5. Bg5 0-0 6. Qc2 h6 7. Bh4 c5 8. dxc5 Qa5 9. Rc1 Nc6 10. e3 Qxc5 11. Qa4 d4 12. Bxf6 Bxf6 13. Ne4 Qe7 14. Nxf6+ Qxf6 15. exd4 Nxd4 16. Nxd4 Qxd4 17. Qc2 Bd7 18. Be2 Bc6 19. 0-0 Rfd8 20. Rfd1 Qc5 21. Rxd8+ Rxd8 22. Rd1 Rd4 23. Rxd4 Qxd4 24. b4 Kf8 25. Qc1 a6 26. h3 g5 27. Bf1 Kg7 28. Be2 f5 29. b5 axb5 30. cxb5 Bd5 31. Qc7+ Kh8 32. Bf3 Bxf3 33. gxf3 Qd5 34. Qc3+ Kh7 35. a4 Kg6 36. Kg2 h5 37. b6 g4 38. a5 e5 39. h4 Kf6 40. Qe3 Kf7 41. Kh2 gxf3 42. a6 f4 43. Qc3 Qa2 44. Qxf3 Qxa6 45. Qxh5+ Ke6 46. Qg6+ Kd5 47. h5 Qe2 48. h6 Kc5 49. h7 Qxf2+ 50. Kh3 Qf3+ 51. Kh4 Qh1+ 52. Kg5 f3 53. Qc2+ Kxb6 54. Qb3+ Ka6 55. Qa4+ Kb6 56. Qb4+ Ka6 57. Qc4+ Kb6 58. Qb3+ Ka6 59. Qd3+ Ka7 60. Qa3+ Kb6 61. Qb4+ Ka6 62. Qc4+ Kb6 63. Qb3+ Ka6 1/2-1/2

[Event "Bratto op 23rd"]
[Site "Bratto"]
[Date "2003.08.29"]
[Round "9"]
[White "Costantini, Roberto"]
[Black "Belotti, Bruno"]
[Result "1-0"]
[WhiteElo "2334"]
[BlackElo "2435"]
[PlyCount "87"]
[EventDate "2003.08.21"]
[EventType "swiss"]
[EventRounds "9"]
[EventCountry "ITA"]
[SourceTitle "EXT 2004"]
[Source "ChessBase"]
[SourceDate "2003.11.25"]
[SourceVersion "1"]
[SourceVersionDate "2003.11.25"]
[SourceQuality "1"]

1. e4 c5 2. Nf3 e6 3. d4 cxd4 4. Nxd4 a6 5. Bd3 Bc5 6. Nb3 Ba7 7. Qe2 Nc6 8. Be3 Nge7 9. Nc3 d6 10. 0-0 e5 11. Bxa7 Rxa7 12. Rad1 b5 13. Qd2 Be6 14. Be2 Nc8 15. f4 exf4 16. Qxf4 0-0 17. Kh1 Ne5 18. Nd4 Rc7 19. a3 Re8 20. Nf5 Rc5 21. Rd2 Bxf5 22. exf5 Nc4 23. Bxc4 Rxc4 24. Rd4 Rxd4 25. Qxd4 Qb6 26. Qg4 Qf2 27. Qd1 Qe3 28. f6 Re6 29. Qg4 g6 30. Nd5 Qe2 31. Qf4 Re5 32. Kg1 Rf5 33. Qc1 Rxf1+ 34. Qxf1 Qe5 35. Qd1 h5 36. c3 Kh7 37. h3 Kh6 38. Qd2+ g5 39. h4 a5 40. Ne7 Nb6 41. hxg5+ Kh7 42. Qc2+ Kh8 43. Qf2 Nc4 44. g6 1-0

[Event "Bratto op 23rd"]
[Site "Bratto"]
[Date "2003.08.23"]
[Round "3"]
[White "Sbarra, Marco"]
[Black "Belotti, Bruno"]
[Result "0-1"]
[WhiteElo "2207"]
[BlackElo "2435"]
[PlyCount "72"]
[EventDate "2003.08.21"]
[EventType "swiss"]
[EventRounds "9"]
[EventCountry "ITA"]
[SourceTitle "EXT 2004"]
[Source "ChessBase"]
[SourceDate "2003.11.25"]
[SourceVersion "1"]
[SourceVersionDate "2003.11.25"]
[SourceQuality "1"]

1. e4 g6 2. d4 Bg7 3. Nf3 d6 4. c4 Nf6 5. Nc3 0-0 6. Be2 e5 7. d5 Na6 8. Bg5 h6 9. Bh4 g5 10. Bg3 Nxe4 11. Nxe4 f5 12. Nfd2 fxe4 13. Nxe4 Bf5 14. Bd3 Qe8 15. Qe2 Qg6 16. h4 c6 17. hxg5 cxd5 18. gxh6 Bxh6 19. cxd5 Nb4 20. Bb1 Rac8 21. 0-0 Nxd5 22. Nxd6 Bxb1 23. Qxe5 Rc5 24. Qd4 Be3 25. fxe3 Rxf1+ 26. Kxf1 Qxg3 27. Qxc5 Nxe3+ 28. Ke2 Qxg2+ 29. Ke1 Qg1+ 30. Ke2 Qg2+ 31. Ke1 Qg1+ 32. Ke2 Qg2+ 33. Ke1 Qg1+ 34. Ke2 Qf1+ 35. Kd2 Qd1+ 36. Kc3 Nd5+ 0-1

[Event "Bratto op 23rd"]
[Site "Bratto"]
[Date "2003.08.22"]
[Round "2"]
[White "Belotti, Bruno"]
[Black "Salami, Marco"]
[Result "1/2-1/2"]
[WhiteElo "2435"]
[BlackElo "2177"]
[PlyCount "84"]
[EventDate "2003.08.21"]
[EventType "swiss"]
[EventRounds "9"]
[EventCountry "ITA"]
[SourceTitle "EXT 2004"]
[Source "ChessBase"]
[SourceDate "2003.11.25"]
[SourceVersion "1"]
[SourceVersionDate "2003.11.25"]
[SourceQuality "1"]

1. c4 f5 2. g3 Nf6 3. Bg2 d6 4. Nc3 g6 5. d3 Bg7 6. e4 Nc6 7. Nge2 e5 8. 0-0 0-0 9. Nd5 h6 10. exf5 Bxf5 11. Nxf6+ Rxf6 12. Be3 Qd7 13. Qd2 Kh7 14. d4 Bg4 15. d5 Ne7 16. f3 Bh3 17. Nc3 Bxg2 18. Kxg2 Nf5 19. Ne4 Rf7 20. Rf2 Rd8 21. h4 c6 22. Re1 c5 23. Qd3 Kh8 24. Bd2 Rdf8 25. Bc3 b6 26. b3 a6 27. a4 Rb8 28. Rd1 a5 29. Rh1 Qe7 30. g4 Nxh4+ 31. Rxh4 Qxh4 32. Nxd6 Rf4 33. Qe3 Rbf8 34. Bxe5 Bxe5 35. Qxe5+ Qf6 36. Qxf6+ R4xf6 37. Ne4 Rf4 38. d6 h5 39. gxh5 gxh5 40. Rd2 Rg8+ 41. Kf2 Rd8 42. Rd5 h4 1/2-1/2

[Event "Bratto op 23rd"]
[Site "Bratto"]
[Date "2003.08.21"]
[Round "1"]
[White "Bonetti, Marco"]
[Black "Belotti, Bruno"]
[Result "0-1"]
[WhiteElo "2105"]
[BlackElo "2435"]
[PlyCount "62"]
[EventDate "2003.08.21"]
[EventType "swiss"]
[EventRounds "9"]
[EventCountry "ITA"]
[SourceTitle "EXT 2004"]
[Source "ChessBase"]
[SourceDate "2003.11.25"]
[SourceVersion "1"]
[SourceVersionDate "2003.11.25"]
[SourceQuality "1"]

1. e4 c5 2. Nf3 d6 3. d3 Nc6 4. g3 g6 5. Bg2 Bg7 6. 0-0 e5 7. c3 Nge7 8. Be3 0-0 9. d4 exd4 10. cxd4 Bg4 11. dxc5 Bxf3 12. Bxf3 Bxb2 13. Nd2 Bxa1 14. Qxa1 dxc5 15. Bh6 Nd4 16. Bxf8 Kxf8 17. Qb2 Qb6 18. Qc1 Rd8 19. Kg2 Qc6 20. Re1 b5 21. h4 h5 22. Kh2 Qf6 23. Kg2 Qc6 24. Re3 c4 25. Ra3 a5 26. Nf1 b4 27. Qh6+ Kg8 28. Rxa5 Nxf3 29. Kxf3 c3 30. Qg5 Rd3+ 31. Ne3 c2 0-1

[Event "Milan Pentium4 3rd"]
[Site "Milan"]
[Date "2003.07.19"]
[Round "6"]
[White "Brunello, Sabino"]
[Black "Belotti, Bruno"]
[Result "1/2-1/2"]
[WhiteElo "2234"]
[BlackElo "2435"]
[PlyCount "60"]
[EventDate "2003.07.14"]
[EventType "tourn"]
[EventRounds "9"]
[EventCountry "ITA"]
[EventCategory "7"]
[SourceTitle "CBM 095 Extra"]
[Source "ChessBase"]
[SourceDate "2003.09.04"]
[SourceVersion "1"]
[SourceVersionDate "2003.09.04"]
[SourceQuality "1"]

1. e4 Nf6 2. e5 Nd5 3. d4 d6 4. Nf3 Bg4 5. Be2 e6 6. 0-0 Be7 7. c4 Nb6 8. Nc3 0-0 9. Be3 Nc6 10. exd6 cxd6 11. d5 exd5 12. Nxd5 Nxd5 13. cxd5 Bxf3 14. Bxf3 Ne5 15. Bd4 Bf6 16. Be2 Qa5 17. Bc3 Qb6 18. Bd4 Nf3+ 19. Bxf3 Bxd4 20. Rb1 Rfe8 21. b3 Re7 22. Rc1 Rae8 23. g3 Bc5 24. Kg2 Re5 25. Qd2 Bb4 26. Qf4 a5 27. Rc4 Bc5 28. Qd2 Bb4 29. Qf4 Bc5 30. Qd2 Bb4 1/2-1/2

[Event "Milan Pentium4 3rd"]
[Site "Milan"]
[Date "2003.07.18"]
[Round "5"]
[White "Belotti, Bruno"]
[Black "Qendro, Llambi"]
[Result "1-0"]
[WhiteElo "2435"]
[BlackElo "2370"]
[PlyCount "63"]
[EventDate "2003.07.14"]
[EventType "tourn"]
[EventRounds "9"]
[EventCountry "ITA"]
[EventCategory "7"]
[SourceTitle "CBM 095 Extra"]
[Source "ChessBase"]
[SourceDate "2003.09.04"]
[SourceVersion "1"]
[SourceVersionDate "2003.09.04"]
[SourceQuality "1"]

1. c4 g6 2. g3 Bg7 3. Bg2 e5 4. Nc3 Nc6 5. d3 d6 6. e4 Nge7 7. Nge2 0-0 8. 0-0 Be6 9. Nd5 Qd7 10. Bg5 f6 11. Be3 f5 12. Qd2 Rf7 13. Rac1 Rd8 14. b4 b6 15. Bg5 Rdf8 16. b5 Bxd5 17. cxd5 Na5 18. Bh3 h6 19. Be3 g5 20. f4 exf4 21. gxf4 g4 22. Bg2 Ng6 23. Bd4 Nh4 24. Bxg7 Rxg7 25. Nd4 Nf3+ 26. Bxf3 gxf3+ 27. Kh1 fxe4 28. Ne6 Rg2 29. Rg1 Kh8 30. Qc3+ Kg8 31. dxe4 Rf7 32. Qxf3 1-0

[Event "Milan Pentium4 3rd"]
[Site "Milan"]
[Date "2003.07.14"]
[Round "1"]
[White "Belotti, Bruno"]
[Black "Pilgaard, Kim"]
[Result "0-1"]
[WhiteElo "2435"]
[BlackElo "2446"]
[PlyCount "134"]
[EventDate "2003.07.14"]
[EventType "tourn"]
[EventRounds "9"]
[EventCountry "ITA"]
[EventCategory "7"]
[SourceTitle "CBM 095 Extra"]
[Source "ChessBase"]
[SourceDate "2003.09.04"]
[SourceVersion "1"]
[SourceVersionDate "2003.09.04"]
[SourceQuality "1"]

1. c4 c5 2. g3 Nc6 3. Bg2 g6 4. e3 Bg7 5. Ne2 d6 6. Nbc3 Bd7 7. d4 Nf6 8. b3 cxd4 9. exd4 0-0 10. 0-0 Qc8 11. Re1 Bh3 12. Bh1 e5 13. Qd2 a6 14. Nd5 Nxd5 15. Bxd5 Qc7 16. Bb2 Rad8 17. Bh1 Rfe8 18. Rac1 Qb6 19. d5 Ne7 20. b4 Nf5 21. c5 Qb5 22. a4 Qxa4 23. Ra1 Qb5 24. Ra5 Qd7 25. c6 Qc7 26. Rea1 Bh6 27. Qc3 Qb6 28. cxb7 Qxb7 29. Rxa6 Rb8 30. R6a4 Qb5 31. Bf3 Rbc8 32. Qe1 e4 33. Bh1 Qxd5 34. Nc3 Qb3 35. Nd1 d5 36. R4a3 Qc2 37. Rc3 Rxc3 38. Qxc3 Qxc3 39. Nxc3 Bg7 40. Rb1 Nd4 41. Bg2 Be6 42. b5 Rb8 43. Ba3 Rb7 44. Bc5 Nf3+ 45. Bxf3 exf3 46. Na4 Bd7 47. Nb6 Bf5 48. Rd1 d4 49. h4 h5 50. Rd2 Kh7 51. Na4 d3 52. b6 Bd7 53. Rxd3 Bxa4 54. Rxf3 Rd7 55. Kh2 Bc6 56. Rb3 Rd1 57. f3 Bb7 58. Kg2 Be5 59. Bf2 Rd2 60. Kg1 Kg7 61. Kf1 Kf6 62. Ra3 Ke6 63. Ke1 Rb2 64. Kf1 Bd6 65. Re3+ Kd7 66. Rc3 Bd5 67. Kg1 Rb3 0-1

[Event "ITA-ch playoff"]
[Site "Montecatini Terme"]
[Date "2002.12.01"]
[Round "2"]
[White "Belotti, Bruno"]
[Black "Collutiis, Duilio"]
[Result "1/2-1/2"]
[WhiteElo "2419"]
[BlackElo "2332"]
[PlyCount "95"]
[EventDate "2002.12.01"]
[EventType "match (rapid)"]
[EventRounds "6"]
[EventCountry "ITA"]
[SourceTitle "CBM 091 Extra"]
[Source "ChessBase"]
[SourceDate "2003.01.09"]
[SourceVersion "1"]
[SourceVersionDate "2003.01.09"]
[SourceQuality "1"]

1. c4 e5 2. Nc3 Nc6 3. g3 g6 4. Bg2 Bg7 5. d3 d6 6. e4 f5 7. Nge2 Nf6 8. 0-0 0-0 9. Nd5 Ne7 10. Nxf6+ Bxf6 11. d4 fxe4 12. Bxe4 Bh3 13. Re1 c6 14. Bh6 Rf7 15. Qd2 Qd7 16. dxe5 Bxe5 17. Nd4 Nf5 18. Nxf5 Bxf5 19. Rad1 Bxe4 20. Rxe4 Qf5 21. Qe2 Bg7 22. Bxg7 Kxg7 23. Rxd6 Raf8 24. Rf4 Qc5 25. Rxf7+ Rxf7 26. Re6 b5 27. cxb5 cxb5 28. Qe5+ Qxe5 29. Rxe5 Rb7 30. b4 Kf6 31. Rc5 h5 32. h4 Rb6 33. Kg2 Ra6 34. Rxb5 Rxa2 35. Kf3 Rb2 36. Ke3 a6 37. Rb8 Kf5 38. Rf8+ Ke5 39. Re8+ Kf5 40. Rf8+ Ke5 41. Rf4 a5 42. bxa5 Rb3+ 43. Ke2 Ra3 44. Rb4 Rxa5 45. Rb6 Kf5 46. f3 Ra2+ 47. Ke3 Ra3+ 48. Kf2 1/2-1/2

[Event "ITA-ch playoff"]
[Site "Montecatini Terme"]
[Date "2002.12.01"]
[Round "5"]
[White "Collutiis, Duilio"]
[Black "Belotti, Bruno"]
[Result "1/2-1/2"]
[WhiteElo "2332"]
[BlackElo "2419"]
[PlyCount "60"]
[EventDate "2002.12.01"]
[EventType "match (rapid)"]
[EventRounds "6"]
[EventCountry "ITA"]
[SourceTitle "CBM 091 Extra"]
[Source "ChessBase"]
[SourceDate "2003.01.09"]
[SourceVersion "1"]
[SourceVersionDate "2003.01.09"]
[SourceQuality "1"]

1. e4 e5 2. Nf3 Nc6 3. Bb5 Nf6 4. 0-0 Nxe4 5. d4 Nd6 6. Bxc6 dxc6 7. dxe5 Nf5 8. Qxd8+ Kxd8 9. Nc3 Ke8 10. h3 Ne7 11. Rd1 Nf5 12. g4 Ne7 13. Kg2 h5 14. Kg3 hxg4 15. hxg4 Be6 16. Nd4 Nd5 17. Ne4 Be7 18. Bg5 Rd8 19. Nxe6 fxe6 20. a3 Rf8 21. c4 Nb6 22. Rxd8+ Kxd8 23. Rd1+ Ke8 24. b3 a5 25. a4 Nd7 26. Bxe7 Kxe7 27. f4 Rh8 28. Re1 Rb8 29. Rc1 Rh8 30. Re1 Rb8 1/2-1/2

[Event "ITA-ch 62nd"]
[Site "Montecatini Terme"]
[Date "2002.11.28"]
[Round "9"]
[White "Genocchio, Daniele"]
[Black "Belotti, Bruno"]
[Result "0-1"]
[WhiteElo "2345"]
[BlackElo "2419"]
[PlyCount "73"]
[EventDate "2002.11.20"]
[EventType "tourn"]
[EventRounds "11"]
[EventCountry "ITA"]
[EventCategory "5"]
[SourceTitle "CBM 091 Extra"]
[Source "ChessBase"]
[SourceDate "2003.01.09"]
[SourceVersion "1"]
[SourceVersionDate "2003.01.09"]
[SourceQuality "1"]

1. e4 c5 2. Nc3 Nc6 3. f4 g6 4. Nf3 Bg7 5. g3 d6 6. Bg2 e6 7. 0-0 Nge7 8. d3 0-0 9. g4 f5 10. gxf5 exf5 11. Be3 h6 12. Kh1 Be6 13. Qd2 Qd7 14. Rae1 Rad8 15. Rg1 b6 16. Nh4 Nd4 17. Nd5 Nxd5 18. exd5 Bf7 19. c3 Nb5 20. Qf2 Kh7 21. Qg3 Bf6 22. Nf3 Rde8 23. c4 Nd4 24. Bxd4 cxd4 25. Ne5 dxe5 26. fxe5 Bg5 27. h4 Be3 28. e6 Bxe6 29. dxe6 Rxe6 30. Bd5 Ref6 31. Rg2 Qd6 32. Qf3 Kg7 33. a3 g5 34. b4 g4 35. h5 Kh8 36. Qg3 Qxg3 37. Rxg3 0-1

[Event "ITA-ch 62nd"]
[Site "Montecatini Terme"]
[Date "2002.11.24"]
[Round "5"]
[White "Belotti, Bruno"]
[Black "Manca, Federico"]
[Result "1/2-1/2"]
[WhiteElo "2419"]
[BlackElo "2349"]
[PlyCount "25"]
[EventDate "2002.11.20"]
[EventType "tourn"]
[EventRounds "11"]
[EventCountry "ITA"]
[EventCategory "5"]
[SourceTitle "CBM 091 Extra"]
[Source "ChessBase"]
[SourceDate "2003.01.09"]
[SourceVersion "1"]
[SourceVersionDate "2003.01.09"]
[SourceQuality "1"]

1. e4 e5 2. Nf3 Nf6 3. Nxe5 d6 4. Nf3 Nxe4 5. d4 d5 6. Bd3 Be7 7. 0-0 Nc6 8. c4 Nb4 9. Be2 0-0 10. Nc3 Nxc3 11. bxc3 Nc6 12. cxd5 Qxd5 13. Bf4 1/2-1/2

[Event "Olympiad-35"]
[Site "Bled"]
[Date "2002.11.08"]
[Round "13.3"]
[White "Belotti, Bruno"]
[Black "Krakops, Maris"]
[Result "1-0"]
[WhiteElo "2419"]
[BlackElo "2530"]
[PlyCount "75"]
[EventDate "2002.10.26"]
[EventType "team-swiss"]
[EventRounds "14"]
[EventCountry "SLO"]
[SourceTitle "EXT 2003"]
[Source "ChessBase"]
[SourceDate "2002.11.25"]
[SourceVersion "1"]
[SourceVersionDate "2002.11.25"]
[SourceQuality "1"]
[WhiteTeam "Italy"]
[BlackTeam "Latvia"]
[WhiteTeamCountry "ITA"]
[BlackTeamCountry "LAT"]

1. d4 Nf6 2. c4 g6 3. Nc3 Bg7 4. e4 d6 5. Nf3 0-0 6. Be2 e5 7. Be3 Ng4 8. Bg5 f6 9. Bc1 Nc6 10. d5 Ne7 11. h3 Nh6 12. h4 f5 13. Ng5 f4 14. g4 Kh8 15. b4 a5 16. b5 b6 17. Ne6 Bxe6 18. dxe6 Nhg8 19. g5 h6 20. a4 Ra7 21. Ra3 Qe8 22. h5 hxg5 23. Nd5 Bh6 24. Rah3 Kg7 25. Bb2 Nxd5 26. cxd5 Nf6 27. hxg6 Rh8 28. Bg4 Nxe4 29. Bf5 Nf6 30. f3 Qa8 31. Qe2 Qxd5 32. Qh2 Ng8 33. e7 Nxe7 34. Rxh6 Nxf5 35. Rxh8 Nh4 36. Rxh4 gxh4 37. Qxh4 Qxf3 38. Qh7+ 1-0